000 00677nam a2200241Ia 4500
003 OSt
005 20220918165157.0
006 a|||||r|||| 00| 0
007 ta
008 220917b |||||||| |||| 00| 0 eng d
020 _a1555878482 (hbk)
024 _a156,634
037 _cTextual
040 _aARTS
_cARTS
_beng
041 _2eng
_aeng
082 _aW6.4959G, P0
245 0 _aConsolidating democracy in South Korea edited by Larry Diamond and Byung Kook Kim
260 _aLondon
_bLynne Rienner Publishers
_c2000
300 _avii, 253p.
_ccm.
650 _aPOLITICAL SCIENCE
942 _hW6.4959G, P0
_cTEXL
_2CC
999 _c128657
_d128657